The Development of Early Sunnite ḥadīth Criticism : The Taqdima of Ibn Abī ḥātim al-Rāzī (240/854-327/938) /
ḥadīth are the documents recording the words and actions of the Prophet Muḥammad. Originally an enormous and amorphous corpus, Muslim scholars of the third/ninth century separated the ḥadīth they regarded as true from those they held to be forgeries, producing collection of ḥadīth which still comman...
المؤلف الرئيسي:
التنسيق: كتاب الكتروني
اللغة: English
منشور في:
Leiden; Boston :
BRILL,
2001.
سلاسل:
Brill Book Archive Part 1, ISBN: 9789004472495.
Islamic History and Civilization ;
38.
الموضوعات:
الوصول للمادة أونلاين: Login to view Source
الوسوم: إضافة وسم
رقم الطلب: BP136.48
| LEADER | 02842nam a22004938i 4500 | ||
|---|---|---|---|
| 001 | BRILL9789004453241 | ||
| 003 | nllekb | ||
| 005 | 20211118222757.0 | ||
| 006 | m d | ||
| 007 | cr un uuuua | ||
| 008 | 200716s2001 ne sb 001 0 eng d | ||
| 010 | |z 2001018493 | ||
| 020 | |a 9789004453241 |q (electronic book) | ||
| 020 | |a 9789004118058 |q (print) | ||
| 024 | 7 | |a 10.1163/9789004453241 |2 DOI | |
| 035 | |z (OCoLC)46617974 | ||
| 040 | |a NL-LeKB |c NL-LeKB |e rda | ||
| 050 | 4 | |a BP136.48 | |
| 072 | 7 | |a HRH |2 bicssc | |
| 072 | 7 | |a REL |x 037000 |2 bisacsh | |
| 082 | 0 | 4 | |a 297.1 |2 23 |
| 100 | 1 | |a Dickinson, Eerik |e author. | |
| 245 | 1 | 4 | |a The Development of Early Sunnite ḥadīth Criticism : |b The Taqdima of Ibn Abī ḥātim al-Rāzī (240/854-327/938) / |c Eerik Dickinson. |
| 246 | 3 | |a The Taqdima of Ibn Abī ḥātim al-Rāzī (240/854-327/938) | |
| 264 | 1 | |a Leiden; |a Boston : |b BRILL, |c 2001. | |
| 300 | |a 1 online resource. | ||
| 336 | |a text |b txt |2 rdacontent | ||
| 337 | |a computer |b c |2 rdamedia | ||
| 338 | |a online resource |2 rdacarrier | ||
| 490 | 1 | |a Brill Book Archive Part 1, ISBN: 9789004472495 | |
| 490 | 1 | |a Islamic History and Civilization ; |v 38 | |
| 504 | |a Includes bibliographical references and index. | ||
| 520 | |a ḥadīth are the documents recording the words and actions of the Prophet Muḥammad. Originally an enormous and amorphous corpus, Muslim scholars of the third/ninth century separated the ḥadīth they regarded as true from those they held to be forgeries, producing collection of ḥadīth which still command the respect of Muslims today. Ibn Abī ḥātim al-Rāzī (240/854-327/938) was one of the most prominent exponents and practitioners of ḥadīth criticism. He left a copious written legacy, including his famous Taqdima , a biographical dictionary of the early ḥadīth critics. The Taqdima reveals Ibn Abī ḥātims's vision of the critic and gives insight into the mechanism of ḥadīth criticism. It also provides a platform for the examination of the basic intellectual orientation of the ḥadīth critics and their conflicts with their opponents. | ||
| 588 | |a Description based on print version record. | ||
| 650 | 0 | |a Hadith |x Authorities. | |
| 650 | 0 | |a Hadith |x Criticism, interpretation, etc. |x History. | |
| 650 | 0 | |a Text criticism. | |
| 776 | 0 | 8 | |i Print version: |t The Development of Early Sunnite ḥadīth Criticism : The Taqdima of Ibn Abī ḥātim al-Rāzī (240/854-327/938). |d Leiden ; Boston : BRILL, 2001 |z 9789004118058 |
| 830 | 0 | |a Brill Book Archive Part 1, ISBN: 9789004472495. | |
| 830 | 0 | |a Islamic History and Civilization ; |v 38. | |
| 856 | 4 | |z DOI: |u http://dx.doi.org/10.1163/9789004453241 | |
| 942 | |2 lcc |c EBOOK | ||
| 952 | |0 0 |1 0 |2 lcc |4 0 |7 1 |9 23402 |a BRILL |b BRILL |d 2021-11-18 |l 0 |r 2021-11-18 00:00:00 |w 2021-11-18 |y EBOOK | ||
| 999 | |c 40876 |d 40876 | ||
